000 00612nam a22001931a 4500
001 1354
003 OSt
005 20260204211730.0
008 040119s2001||||sp ||||||b||||||||||spa||
020 _a8479784385
050 _a658.4012 V442s
082 _a658.4012 V442s
100 _aVasconcellos Esá, Jorge Alberto
245 _aLos señores de la guerra, medición de la estrategia y la táctica para conseguir ventaja competitiva en los negocios / Jorge Alberto Vasconcellos Esa
264 _aEspaña : Díaz de Santos
300 _a250 p
650 _a1.Administración EstratégicasÌ
942 _2ddc
_cBK
999 _c1354
_d1354